| 000 | 00494nam a2200181 a 4500 | ||
|---|---|---|---|
| 005 | 20140310183256.0 | ||
| 008 | 041022s19uu xx 00 eng d | ||
| 020 | _a1863503331 | ||
| 050 |
_aHD 66 _b.N424 2000 |
||
| 100 | _aNelson, Bill | ||
| 245 |
_aGold teamwork : _bbuilding and maintaining your winning team. / _cBill Nelson. |
||
| 260 |
_a[S.l.] : _b[S.n.], _c2000. |
||
| 300 |
_a130 p. : _c22 cm. |
||
| 521 | _aBSBA | ||
| 650 | _aTeamwork. | ||
| 942 |
_cBK _2lcc _kFOR |
||
| 999 |
_c20862 _d20862 |
||